[Event "26th Open"]
[Site "Cappelle la Grande FRA"]
[Date "2010.02.18"]
[Round "7"]
[White "Tomczak,J"]
[Black "Lemos,D"]
[Result "0-1"]
[WhiteElo "2500"]
[BlackElo "2556"]
[EventDate "2010.02.13"]

1. e4 e6 2. d4 d5 3. Nc3 Nf6 4. e5 Nfd7 5. f4 c5 6. Nf3 Nc6 7. Be3 Be7 8.
Be2 O-O 9. Qd2 a6 10. a3 b5 11. dxc5 Bxc5 12. b4 Bxe3 13. Qxe3 Bb7 14. O-O
Ndxe5 15. fxe5 d4 16. Qe4 dxc3 17. Bd3 g6 18. h4 Qe7 19. Ng5 Rad8 20. Qf4
Nd4 21. Qg3 Nf5 22. Bxf5 exf5 23. Rxf5 Rd2 24. Rf2 h6 25. Nh3 Bc8 26. Qxc3
Rxf2 27. Nxf2 Bf5 28. Qd4 Rc8 29. Ne4 Bxe4 30. Qxe4 Qa7+ 31. Kf1 Rc4 0-1

[Event "26th Open"]
[Site "Cappelle la Grande FRA"]
[Date "2010.02.18"]
[Round "7"]
[White "Amin,B"]
[Black "Bogner,S"]
[Result "1/2-1/2"]
[WhiteElo "2544"]
[BlackElo "2494"]
[EventDate "2010.02.13"]

1. e4 c5 2. Nf3 d6 3. c3 Nf6 4. g3 Nc6 5. d3 g6 6. Bg2 Bg7 7. O-O O-O 8.
Re1 Bg4 9. h3 Bxf3 10. Qxf3 Rb8 11. Be3 Nd7 12. Rd1 Qc7 13. a4 a6 14. Qe2
b5 15. axb5 axb5 16. d4 b4 17. h4 cxd4 18. cxd4 e5 19. dxe5 dxe5 20. Qc4
Rfc8 21. Bh3 Nd4 22. Qxc7 Rxc7 23. Bxd4 exd4 24. Bxd7 Rxd7 25. Rd3 Rc7 26.
Nd2 Rc2 27. Rb1 Ra8 28. Nf3 Ra2 29. Rb3 d3 30. Rxb4 d2 31. Rb8+ Bf8 32. Kg2
Raxb2 33. R8xb2 Rxb2 34. Rd1 Bh6 35. Ne5 Rc2 36. Kf1 Bg7 37. Nf3 Bh6 38.
Nh2 Bf8 39. Ke2 Bb4 40. Nf1 Rc4 41. Nxd2 Bxd2 42. Kd3 Ra4 43. Rxd2 h5 44.
Ke3 Kg7 45. Rd4 Ra2 46. f3 Kf6 47. Kf4 Ra3 48. Rd6+ Ke7 49. Rb6 Rc3 50. Rb4
Kf6 51. g4 hxg4 52. fxg4 Rc1 53. e5+ Kg7 54. Re4 Kh6 1/2-1/2

[Event "26th Open"]
[Site "Cappelle la Grande FRA"]
[Date "2010.02.18"]
[Round "7"]
[White "Vera Gonzalez Quevedo,R"]
[Black "Bhat,V"]
[Result "1/2-1/2"]
[WhiteElo "2499"]
[BlackElo "2540"]
[EventDate "2010.02.13"]

1. d4 d5 2. c4 e6 3. Nf3 c6 4. e3 Nf6 5. b3 Nbd7 6. Bb2 Ne4 7. Bd3 Bb4+ 8.
Nfd2 f5 9. O-O O-O 10. f3 Nef6 11. Qe2 Re8 12. a3 Bd6 13. c5 Bc7 14. b4 g5
15. Nb3 f4 16. exf4 gxf4 17. Qc2 Nf8 18. N1d2 Nh5 19. Rfe1 Qg5 20. Nf1 Bd7
21. a4 Re7 22. b5 Ng6 23. bxc6 bxc6 24. Bxg6 hxg6 25. Nc1 e5 26. Nd3 Ng7
27. Re2 Bf5 28. Kh1 Ne6 29. Qc3 Rb8 30. Qa5 Bxd3 31. Rd2 Bxf1 32. Rxf1 Rh7
33. Qa6 1/2-1/2

[Event "26th Open"]
[Site "Cappelle la Grande FRA"]
[Date "2010.02.18"]
[Round "7"]
[White "Brynell,S"]
[Black "Abergel,T"]
[Result "0-1"]
[WhiteElo "2471"]
[BlackElo "2538"]
[EventDate "2010.02.13"]

1. d4 Nf6 2. Nf3 e6 3. c4 c5 4. g3 cxd4 5. Nxd4 d5 6. Bg2 e5 7. Nf3 e4 8.
Nd4 dxc4 9. O-O Bc5 10. Nb5 Qb6 11. N5c3 O-O 12. Na4 Qc6 13. Nxc5 Qxc5 14.
Nc3 Bf5 15. Be3 Qc8 16. Rc1 Rd8 17. Qa4 a6 18. Bb6 Rd6 19. Qb4 Rc6 20. Rfd1
Nbd7 21. Be3 b5 22. a4 bxa4 23. Nd5 Nxd5 24. Rxd5 Rb8 25. Qxa4 Be6 26. Bxe4
Bxd5 27. Bxd5 Rc7 28. Bxc4 Ne5 29. Bf4 Qe8 30. Qxe8+ Rxe8 31. b3 g5 32.
Bxe5 Rxe5 33. Ra1 a5 34. Kg2 Rec5 35. f4 gxf4 36. gxf4 Rb7 37. e4 Rb4 38.
Bd5 Kg7 39. Kf3 f5 40. Rg1+ Kh6 41. Rg5 Rc3+ 42. Ke2 fxe4 43. Re5 a4 44.
bxa4 Rb2+ 45. Kd1 e3 46. Re6+ Kg7 47. Rc6 Rd2+ 48. Ke1 Ra3 49. Rc7+ Kf8 0-1

[Event "26th Open"]
[Site "Cappelle la Grande FRA"]
[Date "2010.02.18"]
[Round "7"]
[White "Sieciechowicz,M"]
[Black "Fedorchuk,S"]
[Result "0-1"]
[WhiteElo "2386"]
[BlackElo "2641"]
[EventDate "2010.02.13"]

1. d4 Nf6 2. c4 e6 3. Nf3 Bb4+ 4. Bd2 a5 5. Nc3 d5 6. e3 b6 7. Bd3 O-O 8.
O-O Bb7 9. cxd5 exd5 10. Qc2 Re8 11. Ne5 Bf8 12. Ne2 c5 13. Ng3 c4 14. Be2
b5 15. b3 Nbd7 16. bxc4 dxc4 17. Nxd7 Qxd7 18. a4 Rec8 19. axb5 c3 20. Bc1
Nd5 21. e4 Nb4 22. Qd1 Re8 23. Be3 c2 24. Qd2 Bd6 25. f3 Qc7 26. Rfc1 Rec8
27. Kf2 Bf8 28. d5 Rd8 29. Nf5 Bxd5 30. exd5 Rxd5 31. Nd4 Bc5 32. Qc3 Qe5
33. Kf1 Bxd4 34. Bxd4 Rxd4 35. Rxa5 Re8 36. Re1 Nd5 37. Qa1 g6 38. b6 Rd1
39. Rxd5 0-1

[Event "26th Open"]
[Site "Cappelle la Grande FRA"]
[Date "2010.02.19"]
[Round "8"]
[White "Zherebukh,Y"]
[Black "Gurevich,M"]
[Result "1-0"]
[WhiteElo "2531"]
[BlackElo "2597"]
[EventDate "2010.02.13"]

1. e4 e6 2. d4 d5 3. Nc3 Nf6 4. e5 Nfd7 5. f4 c5 6. Nf3 Nc6 7. Be3 Be7 8.
Qd2 O-O 9. Be2 a6 10. O-O b5 11. a3 Qc7 12. Nd1 cxd4 13. Nxd4 Bb7 14. Nxc6
Qxc6 15. Bd4 a5 16. Ne3 b4 17. f5 Bc5 18. f6 gxf6 19. exf6 Kh8 20. axb4
axb4 21. Rxa8 Rxa8 22. Kh1 Ba6 23. Bxc5 Nxc5 24. Ng4 Ne4 25. Qh6 Rg8 26.
Ne5 Qc7 27. Qh5 Bxe2 28. Nxf7+ Qxf7 29. Qxf7 Bxf1 30. g3 Bh3 31. Qe7 Ng5
32. Kg1 h6 33. f7 Nxf7 34. Qxf7 Bf5 35. Qb7 Rg4 36. c3 bxc3 37. Qc8+ Kh7
38. Qxc3 d4 39. Qc7+ Rg7 40. Qd6 d3 41. b4 Rg4 42. b5 Re4 43. b6 Re1+ 44.
Kf2 Re2+ 45. Kf3 Be4+ 46. Kg4 d2 47. b7 Bxb7 48. Qd3+ Re4+ 49. Kh5 Bd5 50.
g4 d1=Q 51. Qxd1 Re5+ 52. Kh4 Rg5 53. Qc2+ Kg7 54. Qc7+ Kh8 55. h3 Rg7 56.
Qb8+ Rg8 57. Qb2+ Kh7 58. Qc2+ Kg7 59. Kh5 Kf6 60. Qh7 e5 61. Qxh6+ Ke7 62.
Kh4 e4 63. Qf4 Kd7 64. Qe5 Kc6 65. g5 Rf8 66. g6 Rf1 67. Kg3 Rf3+ 68. Kg2
e3 69. Qxd5+ Kxd5 70. Kxf3 Ke6 71. h4 Kf6 72. h5 1-0

[Event "26th Open"]
[Site "Cappelle la Grande FRA"]
[Date "2010.02.19"]
[Round "8"]
[White "Gajewski,G"]
[Black "Radulski,J"]
[Result "1/2-1/2"]
[WhiteElo "2568"]
[BlackElo "2577"]
[EventDate "2010.02.13"]

1. d4 d5 2. c4 e6 3. Nc3 Be7 4. Nf3 Nf6 5. Bg5 Nbd7 6. e3 h6 7. Bh4 O-O 8.
Rc1 c5 9. cxd5 Nxd5 10. Bxe7 Nxe7 11. Be2 cxd4 12. Nxd4 Nf6 13. O-O Bd7 14.
Qb3 Qa5 15. Rfd1 Rab8 16. Bf3 Rfd8 17. a3 a6 18. Qa2 Qg5 19. Ne4 Nxe4 20.
Bxe4 Qe5 21. Qb1 Bc6 22. Nxc6 bxc6 23. Rxd8+ Rxd8 24. Qc2 Rb8 25. Rb1 a5
26. Bf3 g5 27. g3 Kg7 28. Kg2 Rb5 29. h3 Nd5 30. Qd2 h5 31. Qc2 Rc5 32. Qd3
Nf6 33. Kg1 g4 34. hxg4 hxg4 35. Bg2 Qf5 36. Qxf5 exf5 37. b4 axb4 38. axb4
Rc2 39. Rd1 Ne4 40. Bxe4 fxe4 41. Rb1 1/2-1/2

[Event "26th Open"]
[Site "Cappelle la Grande FRA"]
[Date "2010.02.19"]
[Round "8"]
[White "Drozdovskij,Y"]
[Black "Zakhartsov,Vi"]
[Result "1/2-1/2"]
[WhiteElo "2624"]
[BlackElo "2562"]
[EventDate "2010.02.13"]

1. d4 Nf6 2. c4 e6 3. Nc3 Bb4 4. Qc2 O-O 5. a3 Bxc3+ 6. Qxc3 d5 7. e3 b6 8.
Nf3 Bb7 9. b4 Nbd7 10. Bb2 c5 11. dxc5 bxc5 12. Be2 dxc4 13. Qxc4 Bd5 14.
Qc3 Qb6 15. O-O Rfb8 16. b5 a6 17. a4 c4 18. Bxc4 Bxc4 19. Qxc4 axb5 20.
axb5 Rxa1 21. Rxa1 Qxb5 22. Qxb5 Rxb5 23. Bxf6 gxf6 24. g3 1/2-1/2

[Event "26th Open"]
[Site "Cappelle la Grande FRA"]
[Date "2010.02.19"]
[Round "8"]
[White "Lemos,D"]
[Black "Mamedov,Nid"]
[Result "1/2-1/2"]
[WhiteElo "2556"]
[BlackElo "2610"]
[EventDate "2010.02.13"]

1. d4 Nf6 2. c4 g6 3. Nf3 Bg7 4. g3 O-O 5. Bg2 d6 6. O-O Nc6 7. Nc3 a6 8.
Qd3 e5 9. dxe5 dxe5 10. Qxd8 Rxd8 11. Bg5 Be6 12. Nd2 Nd4 13. Rfd1 c6 14.
e3 Nc2 15. Rab1 h6 16. Bxf6 Bxf6 17. a3 Be7 18. Nb3 Rxd1+ 19. Rxd1 a5 20.
Na4 b5 21. Nc3 1/2-1/2

[Event "26th Open"]
[Site "Cappelle la Grande FRA"]
[Date "2010.02.19"]
[Round "8"]
[White "Apicella,M"]
[Black "Fedorchuk,S"]
[Result "1-0"]
[WhiteElo "2518"]
[BlackElo "2641"]
[EventDate "2010.02.13"]

1. c4 e5 2. Nc3 Nf6 3. Nf3 Nc6 4. g3 d5 5. cxd5 Nxd5 6. Bg2 Nb6 7. O-O Be7
8. a3 a5 9. d3 O-O 10. Be3 Re8 11. Rc1 Bf8 12. Nb5 a4 13. b4 axb3 14. Qxb3
Be6 15. Qb1 Bxa3 16. Nxc7 Qxc7 17. Bxb6 Qd6 18. Rc2 Bd5 19. Nh4 Be6 20. Nf3
h6 21. Nd2 Bd5 22. Bc7 Qxc7 23. Bxd5 Qd7 24. Qb5 Ra6 25. Ra1 Re7 26. Bxc6
Rxc6 27. Rxc6 bxc6 28. Qb6 Qd6 29. Ne4 Qb4 30. Qxc6 Kh7 31. g4 Qb2 32. Qc3
Qxc3 33. Nxc3 Bb2 34. Nd5 Rd7 35. Ra5 h5 36. h3 hxg4 37. hxg4 Rd6 38. Kg2
Kh6 39. Ne3 Re6 40. Rb5 Bc3 41. Rb7 Kg6 42. Nd5 Bd2 43. Kf3 Ba5 44. Ke4 Ra6
45. Kxe5 Be1 46. Nf4+ Kh6 47. Rxf7 Bxf2 48. g5+ Kh7 49. g6+ Kh6 50. Rf5
Bd4+ 51. Ke4 1-0

[Event "26th Open"]
[Site "Cappelle la Grande FRA"]
[Date "2010.02.19"]
[Round "8"]
[White "Gozzoli,Y"]
[Black "Hammer,J"]
[Result "1/2-1/2"]
[WhiteElo "2515"]
[BlackElo "2627"]
[EventDate "2010.02.13"]

1. d4 Nf6 2. c4 g6 3. Nc3 d5 4. cxd5 Nxd5 5. Bd2 Nb6 6. Bf4 Bg7 7. e3 O-O
8. Rc1 c6 9. Be2 Nd5 10. Bg3 c5 11. Bf3 Nxc3 12. bxc3 Qa5 13. Ne2 cxd4 14.
exd4 Qxa2 15. O-O Qa5 16. Qb3 Nc6 17. Rfd1 Qf5 18. Bc7 Qd7 19. Bg3 b6 20.
c4 Bb7 21. c5 Na5 22. Qb4 Bxf3 23. gxf3 Qe6 24. Qb5 Rfd8 25. Bc7 Rd5 26.
Nf4 Rg5+ 27. Kh1 Qb3 28. Qe2 Rf5 29. Qe4 Re8 30. d5 Nb7 31. cxb6 Nc5 32.
Qe2 axb6 33. Rxc5 bxc5 34. d6 exd6 35. Qxe8+ Bf8 36. Rd3 Qb1+ 37. Kg2 Rg5+
38. Kh3 Qf1+ 39. Kh4 Rg1 40. Bxd6 Qxf2+ 41. Kh3 Qf1+ 42. Kh4 Qf2+ 43. Kh3
1/2-1/2

[Event "26th Open"]
[Site "Cappelle la Grande FRA"]
[Date "2010.02.19"]
[Round "8"]
[White "Riff,JN"]
[Black "Sandipan,C"]
[Result "0-1"]
[WhiteElo "2515"]
[BlackElo "2622"]
[EventDate "2010.02.13"]

1. e4 c5 2. Nf3 d6 3. d4 cxd4 4. Nxd4 Nf6 5. Nc3 a6 6. Be2 e6 7. O-O Be7 8.
f4 Nc6 9. Be3 O-O 10. Kh1 Bd7 11. a4 Nxd4 12. Bxd4 Bc6 13. Qd3 b5 14. axb5
axb5 15. b4 Qc7 16. Rxa8 Rxa8 17. Bxf6 Bxf6 18. Nxb5 Bxb5 19. Qxb5 Qxc2 20.
Qd3 Qb2 21. b5 Bd4 22. Rb1 Ra1 23. Rxa1 Qxa1+ 24. Qd1 Qb2 25. f5 e5 26. Qf1
Qd2 27. Bf3 g6 28. fxg6 hxg6 29. Be2 Kg7 30. Bc4 f6 31. Qb1 Qe3 32. Be6 Qf2
33. Bg4 d5 34. Bf3 f5 35. exf5 e4 36. f6+ Bxf6 37. Bg4 d4 38. h3 Be5 39.
Qg1 Qg3 40. b6 d3 0-1

[Event "26th Open"]
[Site "Cappelle la Grande FRA"]
[Date "2010.02.19"]
[Round "8"]
[White "Bindrich,F"]
[Black "Vorobiov,E"]
[Result "1/2-1/2"]
[WhiteElo "2512"]
[BlackElo "2621"]
[EventDate "2010.02.13"]

1. e4 c5 2. Nf3 d6 3. d4 cxd4 4. Nxd4 Nf6 5. Nc3 a6 6. Bg5 e6 7. f4 b5 8.
e5 dxe5 9. fxe5 Qc7 10. exf6 Qe5+ 11. Qe2 Qxg5 12. Ne4 Qe5 13. O-O-O Ra7
14. Qf3 Rd7 15. c3 Bb7 16. Bd3 gxf6 17. Qxf6 Bg7 18. Qh4 Bxe4 19. Bxe4 Bf6
20. Nf3 Bxh4 21. Nxe5 Rxd1+ 22. Rxd1 Ke7 23. Kc2 Bf6 24. Nd3 Rc8 25. Bxh7
Rh8 26. Be4 Rxh2 27. Nc5 Be5 28. b4 Bd6 29. Nb7 Bc7 30. Nc5 1/2-1/2

[Event "26th Open"]
[Site "Cappelle la Grande FRA"]
[Date "2010.02.19"]
[Round "8"]
[White "Sanikidze,T"]
[Black "Leon Hoyos,M"]
[Result "1-0"]
[WhiteElo "2615"]
[BlackElo "2516"]
[EventDate "2010.02.13"]

1. d4 d6 2. Nf3 Nf6 3. c4 g6 4. Nc3 Bg7 5. e4 O-O 6. Be2 c5 7. d5 e6 8. O-O
exd5 9. exd5 Re8 10. Bd3 Bg4 11. h3 Bxf3 12. Qxf3 Nfd7 13. Bf4 Ne5 14. Qd1
Nbd7 15. Be2 Nxc4 16. Bxc4 Bxc3 17. bxc3 Re4 18. Bxd6 Rxc4 19. Bh2 Rxc3 20.
Qe2 Qg5 21. Rfe1 Qf5 22. Rad1 Rc2 23. Qe3 h5 24. Bg3 b5 25. d6 a6 26. Qh6
Rc4 27. Re7 Re4 28. f3 Rd4 29. Rde1 Rf8 30. Re8 h4 31. Be5 1-0

[Event "26th Open"]
[Site "Cappelle la Grande FRA"]
[Date "2010.02.19"]
[Round "8"]
[White "Mastrovasilis,A"]
[Black "Edouard,R"]
[Result "0-1"]
[WhiteElo "2510"]
[BlackElo "2608"]
[EventDate "2010.02.13"]

1. d4 Nf6 2. c4 e6 3. Nf3 c5 4. g3 cxd4 5. Nxd4 d5 6. Bg2 e5 7. Nf3 d4 8.
O-O Nc6 9. e3 Be7 10. exd4 exd4 11. Nbd2 Be6 12. Ng5 Bg4 13. Qb3 Qd7 14.
Nde4 O-O 15. Qd3 Nxe4 16. Qxe4 Bf5 17. Qd5 Rad8 18. Bf4 h6 19. Ne4 g5 20.
Bd2 Be6 21. Qb5 a6 22. Qb6 Bxc4 23. Rfc1 Bd5 24. h4 f6 25. Nc5 Bxc5 26.
Bxd5+ Qxd5 27. Rxc5 Qf7 28. Rf1 Ne5 29. Rxe5 fxe5 30. Qxh6 gxh4 31. Qg5+
Qg7 32. Qxh4 Rfe8 33. f4 exf4 34. Rxf4 Rd6 35. Rg4 Rg6 36. Qh5 Ree6 37. Qd5
Qf6 38. Rf4 Qe5 39. Qd8+ Re8 40. Qd7 Rxg3+ 0-1

[Event "26th Open"]
[Site "Cappelle la Grande FRA"]
[Date "2010.02.19"]
[Round "8"]
[White "Wirig,A"]
[Black "Golod,V"]
[Result "0-1"]
[WhiteElo "2497"]
[BlackElo "2591"]
[EventDate "2010.02.13"]

1. e4 e5 2. Nf3 Nc6 3. Bb5 a6 4. Bxc6 dxc6 5. O-O f6 6. d4 Bg4 7. c3 Bd6 8.
Be3 Qe7 9. Nbd2 O-O-O 10. Qc2 Re8 11. dxe5 fxe5 12. b4 Nf6 13. a4 Bxf3 14.
Nxf3 Ng4 15. Qe2 c5 16. Bg5 Qe6 17. b5 a5 18. h3 Nf6 19. Bxf6 Qxf6 20. Nd2
b6 21. Nc4 Rd8 22. Rad1 Be7 23. Qh5 Qe6 24. Nxe5 Rxd1 25. Rxd1 Bf6 26. Nc6
Qxe4 27. Kh1 g6 28. f3 gxh5 29. fxe4 Bxc3 30. e5 Re8 31. g4 hxg4 32. hxg4
c4 33. Rc1 Bxe5 34. Rxc4 Bd6 35. Kg2 Re3 36. Kf2 Ra3 37. g5 Kd7 38. Re4
Bc5+ 39. Ke2 Rg3 40. Ne5+ Kd6 41. Nf7+ Kd5 42. Rh4 Re3+ 43. Kd2 Re4 44. Rh5
Kc4 45. Rxh7 Bb4+ 46. Kc2 Re2+ 47. Kd1 Rd2+ 48. Kc1 Kb3 49. Rh3+ Bc3 0-1

[Event "26th Open"]
[Site "Cappelle la Grande FRA"]
[Date "2010.02.19"]
[Round "8"]
[White "Burmakin,V"]
[Black "Hoffmann,Micha1"]
[Result "1-0"]
[WhiteElo "2590"]
[BlackElo "2508"]
[EventDate "2010.02.13"]

1. Nf3 Nf6 2. g3 b5 3. Bg2 Bb7 4. O-O e6 5. b3 c5 6. c4 b4 7. d4 Na6 8. Bb2
Be7 9. d5 exd5 10. Nh4 Nc7 11. Nf5 O-O 12. cxd5 Bxd5 13. e4 Be6 14. Nxe7+
Qxe7 15. e5 Nfd5 16. Nd2 Nb5 17. Ne4 Ndc3 18. Bxc3 bxc3 19. Rc1 Rad8 20.
Qd3 Nd4 21. Rxc3 Bf5 22. Qe3 Bxe4 23. Qxe4 d6 24. Re3 g6 25. exd6 Qxd6 26.
Qe5 Qa6 27. Qxc5 Nf5 28. Re5 Qxa2 29. Bd5 Rc8 30. Qb4 Rfe8 31. Qb7 Nd6 32.
Rxe8+ Rxe8 33. Qd7 Qa3 34. Re1 1-0

[Event "26th Open"]
[Site "Cappelle la Grande FRA"]
[Date "2010.02.19"]
[Round "8"]
[White "Marzolo,C"]
[Black "Dziuba,M"]
[Result "0-1"]
[WhiteElo "2480"]
[BlackElo "2587"]
[EventDate "2010.02.13"]

1. d4 d5 2. Nf3 Nf6 3. c4 dxc4 4. Nc3 c6 5. a4 Bf5 6. Ne5 Nbd7 7. Nxc4 Qc7
8. g3 e5 9. dxe5 Nxe5 10. Bf4 Nfd7 11. Bg2 f6 12. O-O O-O-O 13. Ne3 Be6 14.
Ncd5 Qa5 15. b4 Bxb4 16. Nxb4 Qxb4 17. Nc2 Qc3 18. Bd2 Qc4 19. Ne3 Qa6 20.
Bc3 Nc4 21. Qc2 Nxe3 22. fxe3 Kb8 23. Rad1 Nb6 24. Bd4 h5 25. Rb1 Nc4 26.
Qe4 Bd5 27. Qf4+ Ka8 28. e4 Be6 29. e5 f5 30. Rfd1 Rd7 31. Bf2 Rxd1+ 32.
Rxd1 Qa5 33. Rd4 Nxe5 34. h3 Nf7 35. Qe3 Re8 36. Qc1 Bd5 37. Bxd5 cxd5 38.
Qf4 g6 39. g4 0-1

[Event "26th Open"]
[Site "Cappelle la Grande FRA"]
[Date "2010.02.19"]
[Round "8"]
[White "Geetha Narayanan Gopal"]
[Black "Szabo,Krisz1"]
[Result "1/2-1/2"]
[WhiteElo "2575"]
[BlackElo "2500"]
[EventDate "2010.02.13"]

1. e4 e5 2. Nf3 Nc6 3. Bb5 a6 4. Ba4 Nf6 5. O-O b5 6. Bb3 Bc5 7. c3 d6 8.
a4 Rb8 9. d4 Bb6 10. a5 Ba7 11. h3 O-O 12. Re1 Bb7 13. Be3 Ra8 14. Qd3 h6
15. Nbd2 Re8 16. d5 Ne7 17. Bxa7 Rxa7 18. c4 c6 19. dxc6 Bxc6 20. cxb5 axb5
21. Qc3 Qb8 22. Ba2 b4 1/2-1/2

[Event "26th Open"]
[Site "Cappelle la Grande FRA"]
[Date "2010.02.19"]
[Round "8"]
[White "Degraeve,JM"]
[Black "Vera Gonzalez Quevedo,R"]
[Result "1/2-1/2"]
[WhiteElo "2577"]
[BlackElo "2499"]
[EventDate "2010.02.13"]

1. e4 c5 2. c3 Nf6 3. e5 Nd5 4. Nf3 Nc6 5. Bc4 e6 6. d4 cxd4 7. cxd4 d6 8.
O-O Be7 9. Qe2 O-O 10. Rd1 Bd7 11. Bd2 Qc7 12. Nc3 Nxc3 13. Bxc3 dxe5 14.
dxe5 Rfd8 15. Bd3 Be8 16. Qe4 g6 17. Qf4 Rd5 18. Be4 Rxd1+ 19. Rxd1 Rd8 20.
Re1 a5 21. h4 Nb4 22. a3 Nd3 23. Bxd3 Rxd3 24. Ng5 Qd8 25. Ne4 Bc6 26. Nf6+
Kg7 27. h5 h6 28. Qg4 Be4 29. Rxe4 g5 30. Rc4 b5 31. Rc6 Qd7 32. Rb6 b4 33.
axb4 axb4 34. Bxb4 Rd1+ 35. Kh2 Rd4 36. Qf3 Rf4 37. Rb7 Qxb7 38. Qxb7 Rxb4
39. Qf3 1/2-1/2

[Event "26th Open"]
[Site "Cappelle la Grande FRA"]
[Date "2010.02.20"]
[Round "9"]
[White "Radulski,J"]
[Black "Drozdovskij,Y"]
[Result "1/2-1/2"]
[WhiteElo "2577"]
[BlackElo "2624"]
[EventDate "2010.02.13"]

1. e4 c6 2. d4 d5 3. Nc3 dxe4 4. Nxe4 Nd7 5. Nf3 Ngf6 6. Nxf6+ Nxf6 7. Bc4
Bf5 8. O-O e6 9. h3 Be7 10. Qe2 O-O 11. Rd1 Qc7 12. Bg5 h6 13. Bh4 Rad8 14.
Bg3 Bd6 15. Bxd6 Rxd6 16. c3 Rfd8 17. Bb3 c5 18. dxc5 Qxc5 19. Rxd6 Rxd6
20. Rd1 1/2-1/2

[Event "26th Open"]
[Site "Cappelle la Grande FRA"]
[Date "2010.02.20"]
[Round "9"]
[White "Sandipan,C"]
[Black "Gajewski,G"]
[Result "1/2-1/2"]
[WhiteElo "2622"]
[BlackElo "2568"]
[EventDate "2010.02.13"]

1. d4 Nf6 2. c4 e6 3. Nc3 Bb4 4. g3 O-O 5. Bg2 d5 6. Nf3 dxc4 7. O-O Nc6 8.
a3 Be7 9. e4 Na5 10. Qe2 Nb3 11. e5 Nd5 12. Rb1 Nxc3 13. bxc3 Nxc1 14.
Rfxc1 c5 15. Qxc4 Rb8 16. Rd1 Qc7 17. h4 Bd7 18. Ng5 h6 19. Ne4 Bc6 20. Qe2
Qa5 21. f4 Rfd8 22. Kh2 cxd4 23. cxd4 Qxa3 24. Qf2 Rbc8 25. f5 exf5 26.
Qxf5 Qa2 27. d5 g6 28. Qf2 Bxd5 29. Rb2 Qa4 30. Rxd5 Rxd5 31. Nc3 Rxc3 32.
Bxd5 Qe8 33. Rxb7 Rc5 34. Rd7 Qf8 35. Qf3 a5 36. Ra7 Kg7 37. Rd7 a4 38. h5
a3 39. Kh3 a2 40. Bxa2 Rxe5 41. Qc3 Bf6 42. Qxe5 Bxe5 43. Rxf7+ Qxf7 44.
Bxf7 Kxf7 45. hxg6+ Ke6 46. g7 1/2-1/2

[Event "26th Open"]
[Site "Cappelle la Grande FRA"]
[Date "2010.02.20"]
[Round "9"]
[White "Arutinian,D"]
[Black "Sanikidze,T"]
[Result "1-0"]
[WhiteElo "2566"]
[BlackElo "2615"]
[EventDate "2010.02.13"]

1. d4 d5 2. c4 e6 3. Nf3 Nf6 4. Nc3 Bb4 5. cxd5 exd5 6. Bg5 O-O 7. e3 c5 8.
Be2 Nbd7 9. O-O Qa5 10. Nd2 Bxc3 11. bxc3 c4 12. Qc2 Re8 13. Rfb1 h6 14.
Bh4 Ne4 15. Nxe4 Rxe4 16. Bg3 Re8 17. a4 Nf6 18. Bf3 Qa6 19. h3 Ne4 20.
Bxe4 Rxe4 21. Rb5 Qc6 22. Rc5 Qe6 23. Qb2 b6 24. Rc7 Bd7 25. a5 b5 26. a6
Qe8 27. Qb4 Re6 28. Qc5 Rc6 29. Qxd5 Rxc7 30. Bxc7 Bc6 31. Qe5 Qxe5 32.
Bxe5 f6 33. Bf4 f5 34. f3 Kf7 35. Kf2 Re8 36. g4 g5 37. Be5 fxg4 38. hxg4
Kg6 39. e4 Rf8 40. d5 Bd7 41. Ke3 1-0

[Event "26th Open"]
[Site "Cappelle la Grande FRA"]
[Date "2010.02.20"]
[Round "9"]
[White "Gurevich,M"]
[Black "Apicella,M"]
[Result "1-0"]
[WhiteElo "2597"]
[BlackElo "2518"]
[EventDate "2010.02.13"]

1. c4 e5 2. g3 Nf6 3. Bg2 Nc6 4. Nc3 Bb4 5. Nd5 Bc5 6. Nf3 d6 7. O-O O-O 8.
d3 h6 9. e3 a6 10. a3 Ba7 11. b4 Nxd5 12. cxd5 Ne7 13. Nd2 c6 14. dxc6 Nxc6
15. Bb2 Be6 16. Nf3 Ne7 17. h3 Qd7 18. Kh2 f5 19. Qe2 g5 20. Rac1 Ng6 21.
Rc2 Rf7 22. Nd2 Kh7 23. Qh5 g4 24. d4 exd4 25. Bxd4 Bxd4 26. exd4 d5 27.
Re1 Rd8 28. f4 Rc8 29. Rxc8 Qxc8 30. Nf1 Rf6 31. hxg4 fxg4 32. Ne3 Qc3 33.
Re2 Rxf4 34. Nxd5 Bxd5 35. Qxd5 Rf3 36. Qxb7+ 1-0

[Event "26th Open"]
[Site "Cappelle la Grande FRA"]
[Date "2010.02.20"]
[Round "9"]
[White "Golod,V"]
[Black "Vovk,A"]
[Result "1/2-1/2"]
[WhiteElo "2591"]
[BlackElo "2508"]
[EventDate "2010.02.13"]

1. d4 Nf6 2. c4 g6 3. Nc3 Bg7 4. e4 d6 5. Nf3 O-O 6. Be2 e5 7. O-O Na6 8.
Be3 c6 9. d5 Ng4 10. Bg5 f6 11. Bh4 c5 12. h3 Nh6 13. Qd2 Nf7 14. a3 Bh6
15. Qc2 Bd7 16. Rab1 Qe7 17. b4 b6 18. Kh1 Bf4 19. Bg3 Kg7 20. Ne1 1/2-1/2

[Event "26th Open"]
[Site "Cappelle la Grande FRA"]
[Date "2010.02.20"]
[Round "9"]
[White "Amin,B"]
[Black "Burmakin,V"]
[Result "1-0"]
[WhiteElo "2544"]
[BlackElo "2590"]
[EventDate "2010.02.13"]

1. e4 e6 2. d3 d5 3. Nd2 c5 4. g3 b6 5. Bg2 Bb7 6. Ngf3 Nf6 7. O-O Be7 8.
Re1 Nc6 9. e5 Nd7 10. c4 dxc4 11. Nxc4 O-O 12. h4 Qc7 13. Bf4 Rad8 14. Rc1
Nb4 15. a3 Nd5 16. Bg5 Bxg5 17. hxg5 Ne7 18. b4 Ng6 19. d4 Qb8 20. bxc5
bxc5 21. Nfd2 Bxg2 22. Kxg2 cxd4 23. Qh5 Ndxe5 24. Rxe5 Nxe5 25. Rh1 Rfe8
26. Qxh7+ Kf8 27. Qh8+ Ke7 28. Qxg7 Nxc4 29. Nxc4 Qb7+ 30. f3 Rd5 31. Qf6+
Kd7 32. Qxf7+ 1-0

[Event "26th Open"]
[Site "Cappelle la Grande FRA"]
[Date "2010.02.20"]
[Round "9"]
[White "Dziuba,M"]
[Black "Dragun,K"]
[Result "1-0"]
[WhiteElo "2587"]
[BlackElo "2300"]
[EventDate "2010.02.13"]

1. d4 Nf6 2. c4 g6 3. Nc3 d5 4. Bf4 Bg7 5. e3 O-O 6. Rc1 c5 7. dxc5 dxc4 8.
Qxd8 Rxd8 9. Bxc4 Nc6 10. Nf3 Nh5 11. Bc7 Rd7 12. Bg3 Nxg3 13. hxg3 Rd8 14.
Ke2 Bg4 15. Rhd1 Rxd1 16. Nxd1 e5 17. Ke1 Rd8 18. Ng5 Rf8 19. Nc3 Bh6 20.
Nge4 Kg7 21. Nd6 b6 22. cxb6 axb6 23. Nd5 Bg5 24. Rc3 Na5 25. Be2 Be6 26.
Nc7 Bxa2 27. b4 Nb3 28. Nce8+ Kh6 29. Bc4 Be7 30. Bxb3 Rxe8 31. Nxe8 Bxb4
32. Bxa2 1-0

[Event "26th Open"]
[Site "Cappelle la Grande FRA"]
[Date "2010.02.20"]
[Round "9"]
[White "Kravtsiv,M"]
[Black "Sokolov,Ivan"]
[Result "1-0"]
[WhiteElo "2545"]
[BlackElo "2649"]
[EventDate "2010.02.13"]

1. e4 e5 2. Nf3 Nc6 3. Bb5 Bc5 4. O-O Nd4 5. Nxd4 Bxd4 6. c3 Bb6 7. d4 c6
8. Bc4 d6 9. dxe5 dxe5 10. Qh5 Qe7 11. Bg5 Nf6 12. Qf3 h6 13. Bxf6 gxf6 14.
Nd2 Rg8 15. Be2 Rg6 16. Nc4 Bg4 17. Qd3 Rd8 18. Qc2 Bh3 19. Bf3 Qe6 20. Qe2
Ke7 21. Kh1 Bg4 22. Bxg4 Rxg4 23. Rad1 Rdg8 24. g3 R4g5 25. Nd6 Qh3 26.
Nf5+ Rxf5 27. exf5 Rg5 28. Qe4 Kf8 29. Qg2 Qg4 30. f3 Qc4 31. a3 h5 32. h4
Rg7 33. Rfe1 Qb3 34. Rd7 Bc5 35. Kh2 Kg8 36. Re4 Qb6 37. Re2 Be3 38. Qf1 a5
39. Qe1 Bc5 40. Kg2 a4 41. Qd2 Kh7 42. Rd8 Qb5 43. Qd3 Qb3 44. Rd7 Ba7 45.
Kh3 Bc5 46. Rg2 b5 47. Rc7 Qa2 48. b4 Qa1 49. Kh2 Bb6 50. Rxc6 Ba7 51. Qd8
1-0

[Event "26th Open"]
[Site "Cappelle la Grande FRA"]
[Date "2010.02.20"]
[Round "9"]
[White "Kazhgaleyev,M"]
[Black "Libiszewski,F"]
[Result "1-0"]
[WhiteElo "2643"]
[BlackElo "2499"]
[EventDate "2010.02.13"]

1. d4 Nf6 2. c4 c5 3. d5 e6 4. Nc3 exd5 5. cxd5 d6 6. Nf3 g6 7. Bf4 Bg7 8.
Qa4+ Bd7 9. Qb3 Bc8 10. e3 O-O 11. h3 Ne8 12. Be2 Nd7 13. O-O Qe7 14. Bh2
f5 15. Nd2 g5 16. Rae1 a6 17. a4 Rb8 18. Nc4 Ne5 19. Nxe5 Bxe5 20. Bxe5
Qxe5 21. Bxa6 g4 22. f4 Qg7 23. hxg4 Qxg4 24. Bd3 Nf6 25. Rf3 Qh4 26. Ref1
Ng4 27. Rh3 Qf6 28. Nb5 Re8 29. Qc3 Qg6 30. Re1 Bd7 31. Nc7 Rec8 32. Ne6
Nf6 33. Bxf5 1-0